| 000 | 003710000a22001570004500 | ||
|---|---|---|---|
| 060 | _a100 | ||
| 082 | _a582.130 433 BHO | ||
| 100 | _aBhatnagar, S P | ||
| 100 | _aBhojwani, S S | ||
| 245 | _aEmbryology of Angiosperms | ||
| 260 | _aNewdelhi, Vikas Publishing House Pvt Ltd | ||
| 260 | _c1994 | ||
| 300 | _a264 | ||
| 650 | _aEmbryology/ Angiosperms | ||
| 942 | _cBK | ||
| 999 |
_c351700 _d351700 |
||